[Event "Schleswig-Holstein-ch Kandidaten"]
[Site "Buesum"]
[Date "2010.04.02"]
[Round "9"]
[White "Millgramm, Stephan"]
[Black "Walther, Alexander"]
[Result "0-1"]
[WhiteElo "1864"]
[BlackElo "2011"]
[PlyCount "82"]
[EventDate "2010.03.27"]
[EventType "swiss"]
[EventRounds "9"]
[EventCountry "GER"]
[SourceTitle "EXT 2023"]
[Source "ChessBase"]
[SourceDate "2022.10.05"]
[SourceVersion "1"]
[SourceVersionDate "2022.10.05"]
[SourceQuality "1"]

1. e4 d6 2. d4 c6 3. c4 Qc7 4. Nc3 e5 5. Nf3 Bg4 6. Be2 Nf6 7. Be3 Nbd7 8. 0-0 Be7 9. Qd2 0-0 10. b4 a6 11. a4 Rfe8 12. Rfe1 Bxf3 13. Bxf3 exd4 14. Bxd4 Ne5 15. Be2 d5 16. Bxe5 Qxe5 17. f4 Nxe4 18. Nxe4 Qxe4 19. Bf3 Qg6 20. cxd5 cxd5 21. Qxd5 Qb6+ 22. Kh1 Rab8 23. b5 Red8 24. Qc4 Qf6 25. Red1 Rdc8 26. Qe4 g6 27. Rab1 axb5 28. Rxb5 b6 29. g4 Bc5 30. g5 Qc3 31. f5 Re8 32. Qf4 gxf5 33. Qxf5 Re5 34. Qg4 Rbe8 35. Rbb1 Qe3 36. h4 Re4 37. Bxe4 Rxe4 38. Qh5 Qg3 39. Rd8+ Bf8 40. Rxf8+ Kxf8 41. Qh6+ Kg8 0-1

[Event "Karl Mala Memorial op 12th"]
[Site "Frankfurt"]
[Date "2009.07.17"]
[Round "3"]
[White "Walther, Alexander"]
[Black "Reschke, Stefan"]
[Result "0-1"]
[WhiteElo "2010"]
[BlackElo "2373"]
[PlyCount "134"]
[EventDate "2009.07.16"]
[EventType "swiss"]
[EventRounds "7"]
[EventCountry "GER"]
[SourceTitle "EXT 2010"]
[Source "ChessBase"]
[SourceDate "2010.11.25"]
[SourceVersion "1"]
[SourceVersionDate "2010.11.25"]
[SourceQuality "1"]

1. d4 Nf6 2. Nf3 g6 3. Bg5 Bg7 4. Nbd2 h6 5. Bxf6 exf6 6. e4 c6 7. Bd3 d5 8. exd5 cxd5 9. 0-0 0-0 10. c3 Nc6 11. Re1 b6 12. Qa4 Na5 13. Re2 Bd7 14. Qc2 Re8 15. Rae1 Rxe2 16. Rxe2 Rc8 17. Qd1 Bc6 18. Ne1 Qd7 19. Re3 Re8 20. Qe2 Rxe3 21. Qxe3 Nb7 22. h3 h5 23. Nf1 Nd6 24. Nc2 a5 25. b3 f5 26. Nh2 Ne4 27. Be2 Qd6 28. Nf1 Kh7 29. Qd3 Bh6 30. c4 Qf4 31. Bf3 Qd6 32. Nfe3 Bg7 33. Kf1 dxc4 34. Nxc4 Qd8 35. Nd2 Bb5 36. Nc4 Nd6 37. d5 Qf6 38. g3 h4 39. Kg2 hxg3 40. fxg3 Bxc4 41. bxc4 Qb2 42. Qb3 Qc1 43. Qd3 Be5 44. h4 a4 45. h5 Kg7 46. hxg6 fxg6 47. Qe2 Kf6 48. g4 Qf4 49. Ne3 Nf7 50. gxf5 gxf5 51. d6 Qg3+ 52. Kf1 Bxd6 53. Nd5+ Kg7 54. Qg2 Qxg2+ 55. Kxg2 Bc5 56. Kg3 Ne5 57. Be2 Kg6 58. Nf4+ Kg5 59. Ne6+ Kf6 60. Nxc5 bxc5 61. Kf4 a3 62. Ke3 Nc6 63. Bd1 Ke5 64. Ba4 f4+ 65. Kf3 Nb4 66. Bb3 Nd3 67. Bc2 Ne1+ 0-1

[Event "Main Vogelsberg-ch"]
[Site "Grossauheim"]
[Date "2004.11.20"]
[Round "5"]
[White "Walther, Alexander"]
[Black "Fink, Tamino"]
[Result "1-0"]
[WhiteElo "1750"]
[BlackElo "1371"]
[PlyCount "45"]
[EventDate "2004.11.13"]
[EventType "swiss"]
[EventRounds "7"]
[EventCountry "GER"]
[SourceTitle "EXT 2022"]
[Source "ChessBase"]
[SourceDate "2021.10.06"]
[SourceVersion "1"]
[SourceVersionDate "2021.10.06"]
[SourceQuality "1"]

1. d4 Nf6 2. Nf3 d5 3. Bg5 e6 4. Nbd2 c5 5. e3 Nc6 6. c3 Be7 7. Bd3 Qc7 8. 0-0 e5 9. dxe5 Nxe5 10. Bb5+ Nc6 11. c4 a6 12. Qa4 Bd7 13. Bxf6 Bxf6 14. cxd5 Nb4 15. Bxd7+ Qxd7 16. Qxd7+ Kxd7 17. e4 Bxb2 18. Rab1 Ba3 19. Nc4 Nc2 20. Rxb7+ Ke8 21. Nd6+ Kf8 22. Nxf7 Rg8 23. N7g5 1-0

[Event "Main Vogelsberg-ch"]
[Site "Grossauheim"]
[Date "2004.11.14"]
[Round "4"]
[White "Walther, Alexander"]
[Black "Mueller, Thorsten"]
[Result "0-1"]
[WhiteElo "1750"]
[BlackElo "2054"]
[PlyCount "46"]
[EventDate "2004.11.13"]
[EventType "swiss"]
[EventRounds "7"]
[EventCountry "GER"]
[SourceTitle "EXT 2022"]
[Source "ChessBase"]
[SourceDate "2021.10.06"]
[SourceVersion "1"]
[SourceVersionDate "2021.10.06"]
[SourceQuality "1"]

1. e4 e6 2. d4 d5 3. exd5 exd5 4. Bd3 c5 5. Nf3 Nf6 6. dxc5 Bxc5 7. 0-0 0-0 8. Bg5 Nc6 9. h3 h6 10. Bf4 Nh5 11. Bh2 Qf6 12. Nc3 Be6 13. Na4 Be7 14. Re1 Nf4 15. Bxf4 Qxf4 16. Nc3 Bd6 17. g3 Qf6 18. Kg2 Rad8 19. a3 Rfe8 20. Qd2 Bxh3+ 21. Kxh3 Qxf3 22. Rxe8+ Rxe8 23. Be2 Qxf2 0-1

[Event "Bad Woerishofen op 17th"]
[Site "Bad Woerishofen"]
[Date "2001.??.??"]
[Round "5"]
[White "Antoniacci, Ricardo"]
[Black "Walther, Alexander"]
[Result "0-1"]
[WhiteElo "2052"]
[BlackElo "1743"]
[PlyCount "68"]
[EventDate "2001.03.15"]
[EventType "swiss"]
[EventRounds "9"]
[EventCountry "GER"]
[SourceTitle "CBM 081 Extra"]
[Source "ChessBase"]
[SourceDate "2001.05.06"]
[SourceVersion "1"]
[SourceVersionDate "2001.05.06"]
[SourceQuality "1"]

1. e4 c6 2. Nc3 d6 3. Bc4 Qc7 4. d3 e5 5. Nf3 Bg4 6. h3 Bh5 7. g4 Bg6 8. Nh4 Be7 9. Nf5 Bxf5 10. gxf5 Nf6 11. Be3 Nbd7 12. d4 b5 13. Bd3 exd4 14. Bxd4 b4 15. Ne2 c5 16. Bxf6 Bxf6 17. Rb1 c4 18. Nf4 cxd3 19. cxd3 Qa5 20. Kf1 Rc8 21. Rg1 Qxa2 22. Kg2 Qa5 23. Kh1 Qb6 24. Rg2 b3 25. Qh5 g6 26. Qh6 Rc2 27. Nd5 Qd4 28. Ra1 Bg7 29. Qg5 0-0 30. Rag1 Rxf2 31. h4 Rxg2 32. Rxg2 Qxd3 33. h5 Qf1+ 34. Kh2 Be5+ 0-1

[Event "Bad Woerishofen op 17th"]
[Site "Bad Woerishofen"]
[Date "2001.??.??"]
[Round "4"]
[White "Gossmann, Ewald J"]
[Black "Walther, Alexander"]
[Result "1-0"]
[WhiteElo "2014"]
[BlackElo "1743"]
[PlyCount "120"]
[EventDate "2001.03.15"]
[EventType "swiss"]
[EventRounds "9"]
[EventCountry "GER"]
[SourceTitle "CBM 081 Extra"]
[Source "ChessBase"]
[SourceDate "2001.05.06"]
[SourceVersion "1"]
[SourceVersionDate "2001.05.06"]
[SourceQuality "1"]

1. d4 c6 2. c4 d6 3. Nc3 Qc7 4. Nf3 Bg4 5. e4 Nd7 6. Be3 e5 7. Be2 Ngf6 8. Ng1 Bxe2 9. Ngxe2 Ng4 10. Bd2 exd4 11. Nxd4 Nde5 12. Qe2 Qb6 13. c5 Qxc5 14. Nb3 Qc4 15. f3 Qxe2+ 16. Kxe2 Nf6 17. Rad1 0-0-0 18. g4 h6 19. h4 Be7 20. h5 Kc7 21. Nd4 Rhe8 22. Nf5 Bf8 23. g5 Ng8 24. Bf4 hxg5 25. Bxg5 f6 26. Bf4 Ne7 27. h6 Nxf5 28. h7 Be7 29. exf5 Rh8 30. Rdg1 Bf8 31. Ne4 Rd7 32. Bd2 Re7 33. Bb4 Nf7 34. Kf2 Re5 35. Ng3 Nh6 36. Bc3 Re8 37. Ne4 d5 38. Rxh6 dxe4 39. Rhg6 Bc5+ 40. Kf1 Bxg1 41. Rxg7+ Kb6 42. Kxg1 exf3 43. Bxf6 Rhf8 44. Bc3 Rxf5 45. Rg8 Rff8 46. Rxf8 Rxf8 47. h8Q Rxh8 48. Bxh8 Kc5 49. Kf2 b5 50. Kxf3 Kc4 51. Ke4 b4 52. b3+ Kb5 53. Kd3 a5 54. Be5 c5 55. Bf6 a4 56. Be5 c4+ 57. bxc4+ Kc5 58. Ba1 Kd6 59. Kd4 Kc6 60. c5 b3 1-0

[Event "Bad Woerishofen op 17th"]
[Site "Bad Woerishofen"]
[Date "2001.??.??"]
[Round "2"]
[White "Schoen, Rudolf"]
[Black "Walther, Alexander"]
[Result "1/2-1/2"]
[WhiteElo "2010"]
[BlackElo "1743"]
[PlyCount "122"]
[EventDate "2001.03.15"]
[EventType "swiss"]
[EventRounds "9"]
[EventCountry "GER"]
[SourceTitle "CBM 081 Extra"]
[Source "ChessBase"]
[SourceDate "2001.05.06"]
[SourceVersion "1"]
[SourceVersionDate "2001.05.06"]
[SourceQuality "1"]

1. e4 c6 2. d4 d6 3. c4 Qc7 4. Nc3 e5 5. Nf3 Bg4 6. Be2 Nf6 7. 0-0 Nbd7 8. Bg5 Be7 9. Bh4 Nb6 10. b3 Nh5 11. Bxe7 Qxe7 12. h3 Bxf3 13. Bxf3 Nf4 14. Ne2 g5 15. Kh2 0-0-0 16. Nxf4 gxf4 17. d5 c5 18. g3 Qg5 19. Qc1 fxg3+ 20. fxg3 Qxc1 21. Raxc1 Rdf8 22. Bh5 f6 23. Rc2 Kd8 24. Rcf2 Ke7 25. Bg4 Na8 26. Rf5 Nc7 27. a3 a5 28. Be2 h6 29. Kg2 Rhg8 30. Rb1 Na6 31. Rh5 Rg6 32. Rh4 Rh8 33. Bg4 Rhg8 34. Kh2 Rh8 35. Rf1 Rg5 36. Rf5 Nc7 37. Rf1 Ne8 38. b4 axb4 39. axb4 cxb4 40. Rb1 Kd8 41. Rxb4 Kc7 42. Rb2 h5 43. Rf2 Rh6 44. Ra2 Kb8 45. Ra5 b6 46. Ra6 Kb7 47. Ra2 Rh7 48. Rf2 Kc7 49. Bd1 Rh6 50. Ra2 f5 51. exf5 Rxf5 52. g4 Rg5 53. Rxh5 Rgxh5 54. gxh5 Nf6 55. Rf2 Nxh5 56. Rf7+ Kb8 57. Bxh5 Rxh5 58. Kg3 Rg5+ 59. Kf3 b5 60. cxb5 Rg1 61. Ke4 Re1+ 1/2-1/2

[Event "Bad Woerishofen op 17th"]
[Site "Bad Woerishofen"]
[Date "2001.??.??"]
[Round "8"]
[White "Walther, Alexander"]
[Black "Stierle, Martin"]
[Result "1-0"]
[WhiteElo "1743"]
[BlackElo "1945"]
[PlyCount "43"]
[EventDate "2001.03.15"]
[EventType "swiss"]
[EventRounds "9"]
[EventCountry "GER"]
[SourceTitle "CBM 081 Extra"]
[Source "ChessBase"]
[SourceDate "2001.05.06"]
[SourceVersion "1"]
[SourceVersionDate "2001.05.06"]
[SourceQuality "1"]

1. Nf3 g6 2. d4 Nf6 3. Bg5 Bg7 4. Nbd2 d5 5. Bxf6 Bxf6 6. e4 c6 7. c3 Bg7 8. Qc2 Nd7 9. 0-0-0 Qa5 10. Kb1 e6 11. h4 h5 12. Bd3 Nf8 13. Ng5 Qc7 14. f4 f6 15. Nh3 Bd7 16. exd5 f5 17. dxe6 Bxe6 18. d5 Bxd5 19. Rhe1+ Kd8 20. Bc4 Nd7 21. Ng5 Nf8 22. Ndf3 1-0

[Event "Bahn-chH"]
[Site "Baiersbronn"]
[Date "1998.10.31"]
[Round "7"]
[White "Walther, Alexander"]
[Black "Berger, Falk"]
[Result "1/2-1/2"]
[WhiteElo "1759"]
[BlackElo "1768"]
[PlyCount "22"]
[EventDate "1998.10.25"]
[EventType "swiss"]
[EventRounds "7"]
[EventCountry "GER"]
[SourceTitle "EXT 2001"]
[Source "ChessBase"]
[SourceDate "2000.11.22"]
[SourceVersion "1"]
[SourceVersionDate "2000.11.22"]
[SourceQuality "1"]

1. Nf3 d5 2. d4 Nf6 3. Bf4 e6 4. e3 Nbd7 5. Nbd2 c5 6. c3 Nh5 7. Bg3 Nxg3 8. hxg3 Bd6 9. Qc2 f5 10. c4 cxd4 11. Nxd4 Nf6 1/2-1/2

[Event "Bahn-chH"]
[Site "Baiersbronn"]
[Date "1998.10.28"]
[Round "5"]
[White "Walther, Alexander"]
[Black "Fischbach, Horst"]
[Result "1-0"]
[WhiteElo "1759"]
[BlackElo "1827"]
[PlyCount "61"]
[EventDate "1998.10.25"]
[EventType "swiss"]
[EventRounds "7"]
[EventCountry "GER"]
[SourceTitle "EXT 2001"]
[Source "ChessBase"]
[SourceDate "2000.11.22"]
[SourceVersion "1"]
[SourceVersionDate "2000.11.22"]
[SourceQuality "1"]

1. Nf3 d5 2. d4 Nf6 3. Bf4 Nbd7 4. e3 g6 5. Nbd2 Bg7 6. h3 c6 7. c3 0-0 8. Bd3 Re8 9. Ne5 Nh5 10. Bh2 Nxe5 11. dxe5 Bf8 12. g4 Ng7 13. Qe2 f6 14. 0-0-0 Ne6 15. f4 fxe5 16. f5 Nc5 17. fxg6 Bg7 18. gxh7+ Kh8 19. Bg6 Rf8 20. Rhf1 Be6 21. Rxf8+ Qxf8 22. Rf1 Qd8 23. Nf3 Qd6 24. Ng5 Bf6 25. Nxe6 Qxe6 26. Bf5 Qd6 27. g5 Bxg5 28. Rg1 Qh6 29. Rxg5 Nd7 30. Rg6 Qxh7 31. Rg5 1-0

[Event "Bahn-chT"]
[Site "Friedrichroda"]
[Date "1997.10.27"]
[Round "3.3"]
[White "Walther, Alexander"]
[Black "Litterst, Reinhard"]
[Result "0-1"]
[WhiteElo "1650"]
[BlackElo "1974"]
[PlyCount "66"]
[EventDate "1997.10.25"]
[EventType "team"]
[EventRounds "7"]
[EventCountry "GER"]
[SourceTitle "EXT 2009"]
[Source "ChessBase"]
[SourceDate "2008.11.26"]
[SourceVersion "1"]
[SourceVersionDate "2008.11.26"]
[SourceQuality "1"]
[WhiteTeam "Berlin (Bahn)"]
[BlackTeam "Karlsruhe (Bahn)"]
[WhiteTeamCountry "GER"]
[BlackTeamCountry "GER"]

1. Nf3 Nf6 2. d4 d6 3. Bf4 g6 4. Nbd2 Bg7 5. e4 c6 6. c3 Nbd7 7. Bc4 0-0 8. Bb3 Nh5 9. Bg5 Bf6 10. Bh6 Ng7 11. Qc2 e5 12. dxe5 dxe5 13. 0-0-0 Qc7 14. h4 Nc5 15. h5 Nxb3+ 16. Nxb3 b6 17. hxg6 fxg6 18. Rh2 Rf7 19. Rdh1 Ne6 20. Qd2 Qe7 21. Qe3 Ba6 22. Nfd2 Rd8 23. Qg3 c5 24. Nf3 Qc7 25. Bg5 Nxg5 26. Nxg5 Bxg5+ 27. Qxg5 Qd6 28. Qe3 Qf6 29. f3 Rd3 30. Qe1 Rfd7 31. Qf2 Qf4+ 32. Kb1 Rd1+ 33. Nc1 Qxc1# 0-1

[Event "Bahn-chT"]
[Site "Friedrichroda"]
[Date "1997.10.27"]
[Round "2.4"]
[White "Walther, Alexander"]
[Black "Matrisch, Gerd"]
[Result "1/2-1/2"]
[WhiteElo "1650"]
[BlackElo "1823"]
[PlyCount "62"]
[EventDate "1997.10.25"]
[EventType "team"]
[EventRounds "7"]
[EventCountry "GER"]
[SourceTitle "EXT 2009"]
[Source "ChessBase"]
[SourceDate "2008.11.26"]
[SourceVersion "1"]
[SourceVersionDate "2008.11.26"]
[SourceQuality "1"]
[WhiteTeam "Berlin (Bahn)"]
[BlackTeam "Saarbruecken (Bahn)"]
[WhiteTeamCountry "GER"]
[BlackTeamCountry "GER"]

1. Nf3 d5 2. b3 Bf5 3. Bb2 e6 4. e3 Nf6 5. c4 c6 6. Be2 Be7 7. 0-0 0-0 8. Nh4 Bxb1 9. Rxb1 Ne4 10. Nf3 Nd7 11. d3 Nd6 12. Qc2 Bf6 13. d4 Re8 14. Bd3 g6 15. Nd2 e5 16. c5 Nb5 17. Bxb5 cxb5 18. Qd3 Qa5 19. b4 Qa4 20. a3 e4 21. Qe2 Qa6 22. Rbc1 Qc6 23. Nb3 Bd8 24. f3 Nf6 25. Nd2 a6 26. Rf2 Qe6 27. Rcf1 exf3 28. Qxf3 Rf8 29. Re2 Ne4 30. Nxe4 Qxe4 31. Qxe4 dxe4 1/2-1/2